| 000 | 01977nam a2200169Ia 4500 | ||
|---|---|---|---|
| 999 |
_c7713 _d7713 |
||
| 020 | _a0136626289 | ||
| 020 | _a0136625118 | ||
| 050 |
_aBL51 _b.H52 |
||
| 100 | 1 | _aHick, John, | |
| 245 | 1 | 0 |
_aPhilosophy of religion / _cJohn H. Hick. |
| 250 | _aFourth edition. | ||
| 260 |
_aEnglewood Cliffs, N.J. : _bPrentice-Hall, _c1963. |
||
| 300 |
_aix, 148 pages ; _c23 cm. |
||
| 505 | _a Introduction: What is philosophy of religion? -- The Judaic-Christian concept of God: Monotheism -- Infinite, self-existent -- Creator -- Personal -- Loving, good -- Holy -- Grounds for belief in God: the ontological argument -- The first cause and cosmological arguments -- The design (or teleological) argument -- The moral argument -- The argument from special events and experiences -- Probability and theistic argument -- Grounds for disbelief in God: the sociological theory of religion -- The Freudian theory of religion -- The challenge of modern science -- The problem of evil -- Human destiny: The immortality of the soul -- The re-creation of the psycho-physical person -- Does parapsychology help? -- Revelation and faith: The limits of proof -- The "propositional" view of revelation and faith -- Voluntarist theories of faith -- Tillich's conception of faith as ultimate concern -- A "non-propositional" view of revelation and faith -- A corresponding view of the Bible and theological thinking -- Problems of religious language: the peculiarity of religious language -- The doctrine of analogy (Aquinas) -- Religious statements as symbolic (Paul Tillich) -- Incarnation and the problem of meaning -- Religious language as noncognitive -- Another noncognitive analysis of religious language -- The problem of verification: the question of verifiability -- Two suggested solutions -- The idea of eschatological verification -- Some difficulties and complications -- "Exists," "fact," and "real" -- | ||
| 650 | 0 |
_aReligion _xPhilosophy. |
|
| 942 | _cBK | ||